Jordánsko ve stínu Násirovského Egypta: éra krále Al-Ḥusajna
Analýza vonkajších faktorov a mechanizmov, ktoré viedli k destabilizácii jordánskej monarchie v prvom období vlády kráľa al-Ḥusajna, ktorý nastúpil na trón v máji 1953.
Gespeichert in:
| 1. Verfasser: | |
|---|---|
| Format: | Buchkapitel |
| Sprache: | Tschechisch |
| Schlagworte: | |
| Tags: |
Keine Tags, Fügen Sie das erste Tag hinzu!
|
MARC
| LEADER | 00000naa a2200000 4500 | ||
|---|---|---|---|
| 001 | 0258506 | ||
| 005 | 20190926080101.0 | ||
| 041 | 0 | |a cze | |
| 044 | |a SK | ||
| 245 | 1 | 0 | |a Jordánsko ve stínu Násirovského Egypta: éra krále Al-Ḥusajna |c Eduard Gombár |
| 520 | |a Analýza vonkajších faktorov a mechanizmov, ktoré viedli k destabilizácii jordánskej monarchie v prvom období vlády kráľa al-Ḥusajna, ktorý nastúpil na trón v máji 1953. | ||
| 610 | 2 | 0 | |a Egypt |
| 610 | 2 | 0 | |a Jordánsko |
| 610 | 2 | 0 | |a politika medzinárodná |
| 610 | 2 | 0 | |a vzťahy zahraničné |
| 610 | 2 | 0 | |a história |
| 610 | 2 | 0 | |a konflikty náboženské |
| 610 | 2 | 0 | |a vojny |
| 100 | 1 | |a Gombár, Eduard | |